Bagaimana kita menyeru kepada Islam
| Main Author: | |
|---|---|
| Format: | Book |
| Published: |
Kuala Lumpur :
Dewan Pustaka Fajar ,
1987
|
| Subjects: |
MARC
| LEADER | 00000cam a2200000 7i4500 | ||
|---|---|---|---|
| 001 | 0000004572 | ||
| 002 | 000004931 | ||
| 005 | 20000330.0 | ||
| 020 | |a T000000384 | ||
| 090 | 0 | 0 | |a 297.7 |b FAT |
| 100 | 0 | |a Fathi Yaka | |
| 245 | 1 | 0 | |a Bagaimana kita menyeru kepada Islam |c Fathi Yakan |
| 260 | |a Kuala Lumpur : |b Dewan Pustaka Fajar , |c 1987 | ||
| 300 | |a 180p. ; |c 22cm. | ||
| 650 | 0 | 0 | |a Islam |
| 650 | 0 | 0 | |a Preaching,Islamic |
| 999 | |a 034664 |b BUKU |c PINJAMAN |e PERPUSTAKAAN KOMUNITI PETALING JAYA | ||
| 999 | |a 034665 |b BUKU |c PINJAMAN |e PERPUSTAKAAN KOMUNITI PETALING JAYA | ||